[Event "Mecklenburg VP LL2 Ost 1314"]
[Site "Mecklenburg VP"]
[Date "2014.01.19"]
[Round "5.8"]
[White "Hartung, Lothar"]
[Black "Mundt, Friedhelm"]
[Result "1-0"]
[WhiteElo "1798"]
[BlackElo "1181"]
[PlyCount "51"]
[EventDate "2013.10.27"]
[EventType "team-tourn"]
[EventRounds "9"]
[EventCountry "GER"]
[SourceTitle "EXT 2022"]
[Source "ChessBase"]
[SourceDate "2021.10.06"]
[SourceVersion "1"]
[SourceVersionDate "2021.10.06"]
[SourceQuality "1"]
[WhiteTeam "Neubrandenburg SV Turbine"]
[BlackTeam "Binz Therme Ruegen"]
[WhiteTeamCountry "GER"]
[BlackTeamCountry "GER"]

1. d4 d5 2. f4 Nf6 3. Nf3 e6 4. e3 Nc6 5. c3 Be7 6. Bd3 0-0 7. 0-0 Bd7 8. Nbd2 Ng4 9. Qe2 f5 10. a3 Nf6 11. c4 b6 12. Ne5 Qe8 13. b3 Bc8 14. h3 Bb7 15. cxd5 Nxd5 16. Bb2 Nxe5 17. dxe5 Qg6 18. Nf3 c5 19. Rad1 Rad8 20. Kh2 Qh5 21. Rg1 Rd7 22. g4 Qf7 23. gxf5 exf5 24. e6 Qxe6 25. Rxg7+ Kh8 26. Rxe7+ 1-0